00333nam a2200121 a 4500008004100000050001900041100002000060245002800080246003500108260004200143300001700185350000900202120416s1980 ||||||||||||||||| || u aNA 2542.35 Bro aBrolin, Brent G10aArchitecture in context afitting new buildings with old aNew YorkbVan Nostrand Reinholdc1980 a160p. : ill. a0.00